| 000 | 00420nam a2200157Ia 4500 | ||
|---|---|---|---|
| 008 | 240729s9999 xx 000 0 und d | ||
| 022 | _a2529-7333 | ||
| 245 | 0 | _aMolecular Frontiers Journal | |
| 260 | _aSingapore | ||
| 260 | _bWorld Scientific Publishing | ||
| 650 | _a Biology (General) | ||
| 650 | _aScience | ||
| 856 | _uhttps://doaj.org/toc/155ce085ad1d45a8bbbb9e75cda69718 | ||
| 942 | _2ddc | ||
| 942 | _cDOAJEJ | ||
| 999 |
_c65796 _d65796 |
||
| 945 |
_a1 _bMadushi Gamage _c1 _dMadushi Gamage |
||